MARC
| LEADER | 00000cam a2200000 7i4500 | ||
|---|---|---|---|
| 001 | 0000025683 | ||
| 005 | 20150306.0 | ||
| 008 | 141110 my a eng | ||
| 040 | |a INS | ||
| 090 | 0 | 0 | |a Research272 |
| 245 | 1 | 2 | |a A realistic model to determine quantitative housing needs in Malaysia |c Noor Sharipah Sutan Sidi, Azme Khamis, Masitah Zulkepli |
| 260 | |c 2013 | ||
| 300 | |a xv. : |b 1v. ( Various paging ), ill. ; |c 30 cm. | ||
| 650 | 0 | |a Housing |z Malaysia | |
| 700 | 1 | |a Noor Sharipah Sutan Sidi | |
| 999 | |a RES0000396 |b BOOK |c Research By JPPH Staff |e Default branch | ||